[Event "SR 3. liga A2 2009/2010"]
[Site "?"]
[Date "2009.12.13"]
[Round "5.7"]
[White "Manak, Adrian"]
[Black "Zlamal, Marek"]
[Result "1-0"]
[WhiteElo "1815"]
[BlackElo "1505"]
[PlyCount "39"]
[EventDate "2009.??.??"]

1. e4 e5 2. Nf3 d6 3. d4 Bg4 4. dxe5 Bxf3 5. Qxf3 dxe5 6. Bc4 Qf6 7. Qb3 b6 8.
Nc3 Bc5 9. O-O c6 10. Be3 Nd7 11. Rad1 Rb8 12. Rxd7 Kxd7 13. Bxc5 Nh6 14. Rd1+
Ke8 15. Nd5 Qd8 16. Be7 Qc8 17. Bd6 b5 18. Nc7+ Kd7 19. Bxf7 Qxc7 20. Qe6+ 1-0

[Event "SR 3. liga A2 2009/2010"]
[Site "?"]
[Date "2009.12.13"]
[Round "5.8"]
[White "Drabek, Martin"]
[Black "Nemsak, Denis"]
[Result "0-1"]
[WhiteElo "1449"]
[BlackElo "1645"]
[PlyCount "102"]
[EventDate "2009.??.??"]

1. e4 d5 2. exd5 Nf6 3. Nc3 Nxd5 4. Nxd5 Qxd5 5. Qf3 Qe5+ 6. Qe2 Nc6 7. Nf3 Qa5
8. Qb5 Qb4 9. Qxb4 Nxb4 10. Bd3 Nxd3+ 11. cxd3 Bf5 12. d4 O-O-O 13. b3 Be4 14.
Bb2 Bxf3 15. gxf3 Rd5 16. Rc1 e6 17. O-O Bd6 18. h3 Rd8 19. Rc2 Be7 20. Rfc1 c6
21. Re1 Bf6 22. Re4 Bxd4 23. Bxd4 Rxd4 24. Rxd4 Rxd4 25. Kg2 Kd7 26. Kg3 e5 27.
Kg2 Kd6 28. Kf1 Kd5 29. Kg2 c5 30. Kf1 b5 31. Ke2 Rh4 32. Rc3 b4 33. Rd3+ Rd4
34. Ke3 g5 35. Ke2 Rxd3 36. Kxd3 f5 37. Ke3 f4+ 38. Kd3 h6 39. Ke2 Kd4 40. Kd1
Kd3 41. Ke1 Kc2 42. Ke2 a5 43. Ke1 Kb2 44. Ke2 Kxa2 45. Kd3 Kxb3 46. Ke4 a4 47.
Kxe5 a3 48. Kd5 a2 49. Kxc5 a1=Q 50. d4 Qa5+ 51. Kd6 Kc4 0-1

[Event "SR 3. liga A2 2009/2010"]
[Site "?"]
[Date "2009.12.13"]
[Round "5.1"]
[White "Pagerka, Martin"]
[Black "Kovacocy, Pavel"]
[Result "1-0"]
[WhiteElo "2097"]
[BlackElo "2241"]
[PlyCount "73"]
[EventDate "2009.??.??"]

1. e4 c5 2. Nf3 e6 3. c4 d6 4. d4 cxd4 5. Nxd4 Nf6 6. Nc3 a6 7. Be2 b6 8. O-O
Bb7 9. f3 Qc7 10. Be3 Nbd7 11. Qd2 Be7 12. Rfc1 Rc8 13. Bf1 Qb8 14. Rab1 h5 15.
b4 h4 16. Na4 Bd8 17. c5 dxc5 18. bxc5 Nxc5 19. Nxc5 bxc5 20. Nxe6 fxe6 21.
Bxa6 Bxa6 22. Rxb8 Rxb8 23. Bxc5 Nd7 24. Qd6 Bb6 25. Qxe6+ Kd8 26. Qe7+ Kc7 27.
Bxb6+ Kxb6 28. Qxd7 Bb5 29. Qd6+ Ka5 30. Qd2+ Ka6 31. a4 Be8 32. Qd3+ Ka7 33.
Qd4+ Ka6 34. Qc4+ Ka7 35. Qd4+ Ka6 36. Rc7 Rb7 37. Rxb7 1-0

[Event "SR 3. liga A2 2009/2010"]
[Site "?"]
[Date "2009.12.13"]
[Round "5.2"]
[White "Liptak, Tomas"]
[Black "Hecko, Dusan"]
[Result "1/2-1/2"]
[WhiteElo "2036"]
[BlackElo "2115"]
[PlyCount "94"]
[EventDate "2009.??.??"]

1. e4 c6 2. d4 d5 3. Nc3 dxe4 4. Nxe4 Bf5 5. Ng3 Bg6 6. Nf3 Nd7 7. h4 h6 8. h5
Bh7 9. Bd3 Bxd3 10. Qxd3 Qc7 11. Bd2 Ngf6 12. O-O-O e6 13. Kb1 O-O-O 14. Ne4
Nxe4 15. Qxe4 Nf6 16. Qe2 Bd6 17. c4 Qe7 18. a3 Rd7 19. Ne5 Bxe5 20. dxe5 Ne8
21. Bb4 Rxd1+ 22. Rxd1 c5 23. Ba5 Nc7 24. Rd6 Rd8 25. Qd1 b6 26. Bc3 Ne8 27.
Rxd8+ Qxd8 28. Qf3 Nc7 29. Kc2 Qg5 30. g4 Qe7 31. Qg2 Qd7 32. b3 b5 33. Qe4
bxc4 34. Qxc4 Qd5 35. Qe2 Kb7 36. f4 a6 37. a4 g6 38. Bd2 Qd4 39. Qf3+ Nd5 40.
Qd3 Qxd3+ 41. Kxd3 gxh5 42. gxh5 Ne7 43. Kc4 Kc6 44. Be3 Nd5 45. Bxc5 Nxf4 46.
Be3 Nxh5 47. Bxh6 f6 $11 1/2-1/2

[Event "SR 3. liga A2 2009/2010"]
[Site "?"]
[Date "2009.12.13"]
[Round "5.3"]
[White "Diviak, Rastislav"]
[Black "Sarmir, Milos"]
[Result "1/2-1/2"]
[WhiteElo "2043"]
[BlackElo "2090"]
[PlyCount "86"]
[EventDate "2009.??.??"]

1. e4 c6 2. d4 d5 3. Nc3 dxe4 4. Nxe4 Nd7 5. Bc4 e6 6. Nf3 Ngf6 7. Nxf6+ Nxf6
8. Bg5 Be7 9. O-O O-O 10. Qe2 Nd5 11. Bxe7 Nxe7 12. c3 b5 13. Bb3 a5 14. Rfe1
Qd6 15. Rad1 Nd5 16. Bc2 Nf6 17. Ne5 Bb7 18. Nd3 Rab8 19. Nc5 a4 20. a3 Rfd8
21. Qf3 Ba8 22. Ne4 Nxe4 23. Qxe4 g6 24. Qe5 Qxe5 25. Rxe5 Kf8 26. f4 Rd6 27.
Rde1 Rbd8 28. Kf2 $11 Rd5 29. g4 Kg7 30. h4 Bb7 31. Rxd5 Rxd5 32. Re5 Bc8 33.
Rxd5 exd5 34. g5 Kf8 35. Ke3 f6 36. Bd3 Kf7 37. Bc2 Bg4 38. Bd3 Ke6 39. Bc2 Bh3
40. Bd3 Bg2 41. Bc2 Bf1 42. Kf2 Bh3 43. Ke3 Bg4 $11 1/2-1/2

[Event "SR 3. liga A2 2009/2010"]
[Site "?"]
[Date "2009.12.13"]
[Round "5.4"]
[White "Liptak, Dusan"]
[Black "Pericka, Tomas"]
[Result "1-0"]
[WhiteElo "1916"]
[BlackElo "1910"]
[PlyCount "57"]
[EventDate "2009.??.??"]

1. d4 Nf6 2. c4 e6 3. Nf3 d5 4. Nc3 c6 5. e3 Be7 6. Qc2 O-O 7. b3 c5 8. Bb2 Nc6
9. Rd1 cxd4 10. exd4 Qa5 11. Be2 Ne4 12. a3 Bxa3 13. Bxa3 Nxc3 14. Bxf8 Nxd1+
15. b4 Nxb4 16. Bxb4 Qxb4+ 17. Kxd1 Bd7 18. Qd2 Ba4+ 19. Kc1 Qd6 20. c5 Rc8 21.
Kb2 Qc7 22. Ra1 b6 23. Rxa4 bxc5 24. dxc5 Qxc5 25. Bd3 Rb8+ 26. Ka2 d4 27. Ra5
Qd6 28. Rb5 Qa6+ 29. Qa5 1-0

[Event "SR 3. liga A2 2009/2010"]
[Site "?"]
[Date "2009.12.13"]
[Round "5.5"]
[White "Danada, Ondrej"]
[Black "Vlkovic, Pavol"]
[Result "1-0"]
[WhiteElo "1884"]
[BlackElo "1930"]
[PlyCount "77"]
[EventDate "2009.??.??"]

1. e4 Nf6 2. Bc4 c6 3. e5 Nd5 4. Qf3 e6 5. Nc3 Nb6 6. Bd3 d5 7. exd6 Qxd6 8. b3
N8d7 9. Qg3 Ne5 10. Be2 Ng6 11. Bb2 Qc5 12. O-O-O Bd6 13. Qe3 Qa5 14. Nf3 O-O
15. Ne4 Ba3 16. d4 Nd5 17. Qg5 f5 18. Nc5 Nc3 19. Qd2 Nxa2+ 20. Kb1 Nc3+ 21.
Qxc3 Bb4 22. Qe3 f4 23. Qe4 e5 24. Bc4+ Kh8 25. Nxe5 Nxe5 26. Qxe5 Bc3 27. Qe7
Bf5 28. Ne6 Bxe6 29. Qxe6 b5 30. Bd3 Rae8 31. Qh3 h6 32. Qf3 Re6 33. g4 Qb4 34.
d5 cxd5 35. Qxd5 Re5 36. Qf3 a5 37. Bxc3 Qxc3 38. Be4 a4 39. Qxc3 1-0

[Event "SR 3. liga A2 2009/2010"]
[Site "?"]
[Date "2009.12.13"]
[Round "5.6"]
[White "Markuliak, Mario"]
[Black "Jozefek, Michal"]
[Result "0-1"]
[WhiteElo "1909"]
[BlackElo "1902"]
[PlyCount "96"]
[EventDate "2009.??.??"]

1. e4 c5 2. c4 Nc6 3. Nc3 g6 4. g3 Bg7 5. Bg2 d6 6. d3 Nf6 7. Nge2 O-O 8. O-O
a6 9. f4 Nd4 10. Nxd4 cxd4 11. Ne2 Bd7 12. h3 Qc8 13. Kh2 e5 14. g4 h5 15. g5
Ne8 16. f5 gxf5 17. exf5 Bxf5 18. Ng3 Bg6 19. Nxh5 Ra7 20. Nf6+ Nxf6 21. gxf6
Bh8 22. Bh6 b5 23. Bxf8 Kxf8 24. cxb5 axb5 25. Be4 Rc7 26. Bxg6 Rc2+ 27. Kg3
fxg6 28. Rc1 Rc5 29. Rxc5 dxc5 30. Qg4 Qc7 31. Kg2 Kf7 32. Qh4 Qc6+ 33. Kg3
Bxf6 34. Qh7+ Kf8 35. Qh8+ Ke7 36. Qh7+ Kf8 37. Qh8+ Ke7 38. Qh7+ Kd8 39. Qf7
Be7 40. Qg8+ Kd7 41. Rf7 Qd6 42. Kf3 Qd5+ 43. Kf2 Qe6 44. Qh7 e4 45. dxe4 Qxe4
46. Rf6 Qe3+ 47. Kf1 d3 48. Rxg6 d2 0-1

[Event "SR 3. liga A2 2009/2010"]
[Site "?"]
[Date "2009.12.13"]
[Round "5.7"]
[White "Diviak, Rudolf"]
[Black "Hornak, Pavol"]
[Result "1-0"]
[WhiteElo "1893"]
[BlackElo "1787"]
[PlyCount "53"]
[EventDate "2009.??.??"]

1. e4 c5 2. Nf3 d6 3. d4 cxd4 4. Nxd4 Nf6 5. Nc3 a6 6. Bc4 e6 7. Bb3 Be7 8. Qe2
Nc6 9. Be3 Na5 10. g4 e5 11. Nf5 Bxf5 12. gxf5 Nxb3 13. cxb3 d5 14. exd5 Bd6
15. O-O-O Rc8 16. Kb1 b5 17. Bg5 Qd7 18. Qd3 Qa7 19. Bxf6 gxf6 20. Ne4 Ke7 21.
Qg3 h5 22. Qg7 Rhd8 23. Qxf6+ Kf8 24. Qh6+ Ke7 25. Qf6+ Kf8 26. Nxd6 Rc7 27.
Qxd8+ 1-0

[Event "SR 3. liga A2 2009/2010"]
[Site "?"]
[Date "2009.12.13"]
[Round "5.8"]
[White "Cisar, Marian"]
[Black "Hanzluvka, Peter"]
[Result "0-1"]
[WhiteElo "1683"]
[BlackElo "2007"]
[PlyCount "46"]
[EventDate "2009.??.??"]

1. e4 c5 2. Nf3 d6 3. d4 cxd4 4. Nxd4 Nf6 5. Nc3 a6 6. Be3 e6 7. Bc4 Be7 8. Qd2
O-O 9. O-O-O b5 10. Bb3 b4 11. Na4 Nxe4 12. Qxb4 d5 13. Qe1 Bd7 14. f3 Nd6 15.
h4 Nc6 16. g4 Ne5 17. Qg3 Nec4 18. Bf4 Qa5 19. Nc3 Rab8 20. Bxc4 Rxb2 21. Kxb2
Nxc4+ 22. Kb1 Qxc3 23. Bc1 Na3+ 0-1

[Event "SR 3. liga A2 2009/2010"]
[Site "?"]
[Date "2009.12.13"]
[Round "5.1"]
[White "Meszaros, Lorant"]
[Black "Lesny, Stefan"]
[Result "1/2-1/2"]
[WhiteElo "2119"]
[BlackElo "2086"]
[PlyCount "40"]
[EventDate "2009.??.??"]

1. d4 d5 2. c4 e6 3. Nf3 c6 4. Nc3 Nf6 5. g3 Nbd7 6. Bg2 dxc4 7. O-O Be7 8. e4
h6 9. Re1 O-O 10. Qe2 Bb4 11. Qxc4 Be7 12. Bf4 Qb6 13. a4 a5 14. Rad1 Qb4 15.
Qa2 Re8 16. d5 cxd5 17. exd5 exd5 18. Nxd5 Nxd5 19. Rxd5 Nc5 20. Rd4 Qb3
1/2-1/2

[Event "SR 3. liga A2 2009/2010"]
[Site "?"]
[Date "2009.12.13"]
[Round "5.2"]
[White "Csiba, Peter"]
[Black "Szitasi, Janos"]
[Result "1-0"]
[WhiteElo "2104"]
[BlackElo "2005"]
[PlyCount "81"]
[EventDate "2009.??.??"]

1. e4 c5 2. Nf3 d6 3. d4 cxd4 4. Nxd4 Nf6 5. Nc3 g6 6. Be2 Bg7 7. O-O O-O 8.
Kh1 Nc6 9. Be3 Bd7 10. f4 Rc8 11. Bf3 a6 $11 12. Rc1 b5 13. Nd5 h5 14. c3 e6
15. Nxf6+ Bxf6 16. Qd3 Qe7 17. Rcd1 Rfd8 18. Nxc6 Bxc6 19. f5 Kg7 20. fxg6 fxg6
21. Bf4 e5 22. Bc1 Rd7 23. Qe3 Rh8 24. Rf2 Qe6 25. Rdf1 Rf7 26. b3 g5 27. Qb6
Qc8 28. Rd1 Be7 29. Ba3 Qb7 30. Qe3 g4 31. Bxd6 gxf3 32. Bxe5+ Kg8 33. gxf3
Rhh7 34. Qd4 Kf8 35. Rg2 Ke8 36. Bd6 Qd7 37. Rg8+ Rf8 38. Rxf8+ Bxf8 39. Qe5+
Be7 40. Rd4 Rf7 41. Bxe7 1-0

[Event "SR 3. liga A2 2009/2010"]
[Site "?"]
[Date "2009.12.13"]
[Round "5.3"]
[White "Kosar, Mikulas"]
[Black "Merva, Frantisek"]
[Result "1-0"]
[WhiteElo "1876"]
[BlackElo "2053"]
[PlyCount "74"]
[EventDate "2009.??.??"]

1. e4 c5 2. d4 cxd4 3. Qxd4 Nc6 4. Qd3 e6 5. Nf3 Qc7 6. Nc3 a6 7. Be2 Nf6 8.
Bg5 b5 9. Bxf6 gxf6 10. O-O Ne7 11. e5 f5 12. Rad1 Ng6 13. Qe3 Bg7 14. Rfe1 Bb7
15. Bxb5 Rd8 16. Ba4 Bxf3 17. Qxf3 Bxe5 18. g3 Kf8 19. h4 Rg8 20. Kh1 Nxh4 21.
gxh4 Bxc3 22. bxc3 Qc4 23. Rd4 Qxa2 24. Bb3 Qa3 25. Rg1 Rxg1+ 26. Kxg1 Qc1+ 27.
Kh2 Ke7 28. Rd1 Qh6 29. Kh3 Rg8 30. Qb7 Rg4 31. Rxd7+ Kf6 32. Rxf7+ Kg6 33. Qe7
Rxh4+ 34. Qxh4 Qxh4+ 35. Kxh4 Kxf7 36. Kg5 h6+ 37. Kxh6 Kf6 1-0

[Event "SR 3. liga A2 2009/2010"]
[Site "?"]
[Date "2009.12.13"]
[Round "5.4"]
[White "Obdrzalkova, Anitta"]
[Black "Szekely, Stefan"]
[Result "1-0"]
[WhiteElo "2004"]
[BlackElo "1984"]
[PlyCount "87"]
[EventDate "2009.??.??"]

1. d4 d6 2. Nf3 Nf6 3. c4 g6 4. Nc3 Bg7 5. e4 Na6 6. Be2 c5 7. O-O O-O 8. Re1
Bg4 9. Be3 Rc8 10. d5 Nc7 11. Qd2 Nce8 12. Ng5 h6 13. Nf3 Kh7 14. h3 Bxf3 15.
Bxf3 Nd7 16. Be2 Rh8 17. f4 Nef6 18. Rf1 a6 19. Rae1 b5 20. cxb5 axb5 21. Bxb5
Qb6 22. a4 Qa5 23. g4 Qb4 24. g5 Nxe4 25. Nxe4 Qxe4 26. Bxd7 Rb8 27. Bb5 Qf5
28. Qg2 h5 29. Rf3 Qxd5 30. Bc1 Bd4+ 31. Kh2 e6 32. Rd3 Qf5 33. Qe4 e5 34. Qxf5
gxf5 35. Be3 c4 36. Rd2 c3 37. Rc2 Rhc8 38. bxc3 Bxe3 39. Rxe3 e4 40. Rd2 Rb6
41. c4 Ra8 42. Ree2 Kg7 43. Rd5 Kg6 44. Bd7 1-0

[Event "SR 3. liga A2 2009/2010"]
[Site "?"]
[Date "2009.12.13"]
[Round "5.5"]
[White "Both, Lajos"]
[Black "Ujhelyi, Matus"]
[Result "1/2-1/2"]
[WhiteElo "1904"]
[BlackElo "1983"]
[PlyCount "110"]
[EventDate "2009.??.??"]

1. e4 e6 2. d4 d5 3. exd5 exd5 4. Bd3 Nc6 5. c3 Bd6 6. Nf3 Bg4 7. Be3 Nge7 8.
Nbd2 Nf5 9. O-O Nh4 10. Be2 Nxf3+ 11. Bxf3 Bxf3 12. Qxf3 Qd7 13. Bf4 O-O 14.
Qxd5 Rae8 15. Rfe1 Rxe1+ 16. Rxe1 Re8 17. Rxe8+ Qxe8 18. Be3 Qc8 19. Qe4 Ne7
20. Nc4 Nf5 21. Nxd6 Nxd6 22. Qe7 Nf5 23. Qe5 Nxe3 24. fxe3 g6 25. h3 Qd7 26.
b3 Qc6 27. c4 a6 28. d5 Qc5 29. Qd4 Qa3 30. Qd2 b5 31. cxb5 axb5 32. b4 Qa6 33.
e4 Qb6+ 34. Qf2 Qa6 35. e5 Qa3 36. Qd2 Kf8 37. Kf2 Ke8 38. e6 fxe6 39. dxe6
Qa7+ 40. Kg3 c6 41. Qd7+ Qxd7 42. exd7+ Kxd7 43. Kf4 Ke6 44. Ke4 h6 45. h4 h5
46. a3 Kf6 47. Kf4 Ke6 48. Kg5 Kf7 49. g4 hxg4 50. Kxg4 Ke6 51. Kg5 Kf7 52. Kh6
Kf6 53. Kh7 Kf7 54. Kh6 Kf6 55. Kh7 Kf7 1/2-1/2

[Event "SR 3. liga A2 2009/2010"]
[Site "?"]
[Date "2009.12.13"]
[Round "5.6"]
[White "Takacs, Laszlo"]
[Black "Kalmar, Tamas"]
[Result "1/2-1/2"]
[WhiteElo "1838"]
[BlackElo "1714"]
[PlyCount "114"]
[EventDate "2009.??.??"]

1. e4 e6 2. d4 d5 3. Nc3 dxe4 4. Nxe4 Bd7 5. f4 Bc6 6. Ng5 Nf6 7. N5f3 Bd6 8.
Ne5 Nbd7 9. Ngf3 Be4 10. Bd3 Bxd3 11. Qxd3 O-O 12. O-O c5 13. c3 cxd4 14. cxd4
Rc8 15. Bd2 a6 16. Rac1 Qe7 17. Rfe1 Nb6 18. f5 Rxc1 19. Bxc1 Rc8 20. Ng5 Bxe5
21. dxe5 Qc5+ 22. Be3 Qxe5 23. Bf2 Qd5 24. Qg3 Nbd7 25. fxe6 fxe6 26. Nxe6 g6
27. Nf4 Qf7 28. h4 Re8 29. Rxe8+ Qxe8 30. h5 Kg7 31. Bd4 Qe4 32. Bc3 b5 33. a3
Kf7 34. hxg6+ hxg6 35. Nh3 Qb1+ 36. Kh2 Qf5 37. Ng5+ Kg8 38. Kg1 Qb1+ 39. Kh2
Qf5 40. Nf3 Ng4+ 41. Kg1 Qb1+ 42. Qe1 Qxe1+ 43. Nxe1 Nc5 44. Bd4 Ne6 45. Bc3
Nf4 46. Kf1 Kf7 47. g3 Nd5 48. Bd4 Ke6 49. Ke2 Nh6 50. Kf3 Nf5 51. Bf2 Nd6 52.
Nd3 Nc4 53. Bd4 a5 54. Kg4 Nf6+ 55. Kf3 Nd2+ 56. Ke3 Nc4+ 57. Kf3 Nd2+ 1/2-1/2

[Event "SR 3. liga A2 2009/2010"]
[Site "?"]
[Date "2009.12.13"]
[Round "5.7"]
[White "Bernath, Mikulas"]
[Black "Feher, Tibor"]
[Result "0-1"]
[WhiteElo "1895"]
[BlackElo "1782"]
[PlyCount "100"]
[EventDate "2009.??.??"]

1. d4 d5 2. Nf3 e6 3. e3 Nf6 4. c4 c6 5. Nc3 Nbd7 6. a3 Be7 7. cxd5 cxd5 8. Bd3
b6 9. O-O O-O 10. b4 Bb7 11. Bb2 Rc8 12. Rc1 Re8 13. Qe2 Ne4 14. Bxe4 dxe4 15.
Nd2 f5 16. Ncb1 Rxc1 17. Rxc1 Qb8 18. Qc4 Bd6 19. g3 Nf6 20. Nc3 Qc8 21. Nb5
Qxc4 22. Nxc4 Bb8 23. Nbd6 Re7 24. Nxb7 Rxb7 25. Nd2 Rc7 26. Rxc7 Bxc7 27. h3
h5 $11 28. f3 Bxg3 29. fxe4 Nxe4 30. Nxe4 fxe4 31. b5 Kf7 32. Bc3 Bd6 33. a4 g5
34. a5 bxa5 35. Bxa5 Kg6 36. b6 axb6 37. Bxb6 Kf5 38. Kf2 g4 39. hxg4+ Kxg4 40.
Kg2 h4 41. Bc5 h3+ 42. Kh1 Bg3 43. Kg1 Kf3 44. Bb6 Bf2+ 45. Kh2 Kg4 46. d5 exd5
47. Bc5 Kf3 48. Kxh3 Bxe3 49. Bb4 Bf2 50. Kh2 e3 0-1

[Event "SR 3. liga A2 2009/2010"]
[Site "?"]
[Date "2009.12.13"]
[Round "5.8"]
[White "Matus, David"]
[Black "Lelkes, Bela"]
[Result "1-0"]
[WhiteElo "1530"]
[BlackElo "1833"]
[PlyCount "61"]
[EventDate "2009.??.??"]

1. e4 c5 2. Nf3 Nc6 3. d4 cxd4 4. Nxd4 Qb6 5. Nf3 g6 6. Nc3 Bg7 7. Nd5 Qd8 8.
Bf4 e5 9. Bd2 Nge7 10. Bc3 O-O 11. Bb5 Re8 12. O-O a6 13. Nxe7+ Qxe7 14. Bc4 b5
15. Bd5 Bb7 16. Qd2 Rab8 17. Ng5 Rf8 18. f4 Bh6 19. h4 Bg7 20. fxe5 Nxe5 21.
Bxb7 Rxb7 22. Bb4 Nc4 23. Qd5 d6 24. Rf3 Rd7 25. Raf1 Nxb2 26. Nxf7 h6 27. Ne5+
Kh7 28. Rxf8 Bxf8 29. Rf7+ Qxf7 30. Nxf7 Kg7 31. Bc3+ 1-0

[Event "SR 3. liga A2 2009/2010"]
[Site "?"]
[Date "2009.12.13"]
[Round "5.1"]
[White "Sturdik, Igor"]
[Black "Schmikli, Laszlo"]
[Result "0-1"]
[WhiteElo "2047"]
[BlackElo "2243"]
[PlyCount "20"]
[EventDate "2009.??.??"]

1. e4 Nc6 2. Nf3 d5 3. exd5 Qxd5 4. Nc3 Qa5 5. d4 Bg4 6. Be2 O-O-O 7. Be3 Nf6
8. Qd2 e5 9. O-O-O Bb4 10. a3 Ne4 0-1

[Event "SR 3. liga A2 2009/2010"]
[Site "?"]
[Date "2009.12.13"]
[Round "5.2"]
[White "Ivan, Imrich ml"]
[Black "Svoboda, Adam"]
[Result "1-0"]
[WhiteElo "2079"]
[BlackElo "1821"]
[PlyCount "69"]
[EventDate "2009.??.??"]

1. Nf3 d5 2. d4 Nf6 3. Bf4 Nh5 4. Be5 f6 5. Bg3 Nxg3 6. hxg3 Bf5 7. Nh4 Qd7 8.
Nxf5 Qxf5 9. e3 e5 10. Bd3 e4 11. Be2 Qe6 12. O-O Bd6 13. c4 c6 14. cxd5 cxd5
15. Qb3 Nd7 16. Bb5 a6 17. Bxd7+ Qxd7 18. Qxd5 Qc6 19. Qe6+ Be7 20. Qb3 Rd8 21.
Nc3 f5 22. Rac1 Qd7 23. Rc2 Rc8 24. Rfc1 Bd6 25. Nd5 Rxc2 26. Rxc2 Kf7 27. Nb6+
Qe6 28. Nc4 Be7 29. Qxb7 Rd8 30. Ne5+ Kf8 31. b3 a5 32. Rc7 Bf6 33. Nc6 Re8 34.
Nxa5 Bxd4 35. Qb4+ 1-0

[Event "SR 3. liga A2 2009/2010"]
[Site "?"]
[Date "2009.12.13"]
[Round "5.3"]
[White "Bahna, Jan"]
[Black "Finszter, Mate"]
[Result "1-0"]
[WhiteElo "1960"]
[BlackElo "2056"]
[PlyCount "91"]
[EventDate "2009.??.??"]

1. e4 e6 2. d4 d5 3. Nd2 Nc6 4. c3 e5 5. dxe5 dxe4 6. Qh5 e3 7. fxe3 g6 8. Qe2
Nxe5 9. Ngf3 Nxf3+ 10. Nxf3 Bg7 11. e4 Ne7 12. Bf4 Bd7 13. Rd1 Qc8 14. Qd2 Be6
15. b3 O-O 16. Nd4 Rd8 17. Qc2 Bg4 18. Be2 Bxe2 19. Nxe2 Nc6 20. O-O Ne5 21.
Rd5 Qe6 22. Rfd1 Rxd5 23. exd5 Qb6+ 24. Nd4 Re8 25. Kf1 Qf6 26. Qf2 g5 27. Bg3
Ng4 28. Qxf6 Bxf6 29. Re1 Rxe1+ 30. Kxe1 Ne3 31. Nb5 Nxd5 32. c4 Nc3 33. Nxa7
c6 34. a4 Ne4 35. Bc7 Nc5 36. a5 Nxb3 37. Nxc6 bxc6 38. a6 Bd4 39. Bb8 Na5 40.
Kd2 Bc5 41. Kc3 Bf2 42. Bc7 Kf8 43. Bd6+ Kg7 44. c5 Be1+ 45. Kd3 Nb3 46. a7 1-0

[Event "SR 3. liga A2 2009/2010"]
[Site "?"]
[Date "2009.12.13"]
[Round "5.4"]
[White "Abraham, Jan"]
[Black "Klanica, Anton"]
[Result "1-0"]
[WhiteElo "1981"]
[BlackElo "1894"]
[PlyCount "137"]
[EventDate "2009.??.??"]

1. e4 e6 2. d4 d5 3. Nd2 Nf6 4. Bd3 dxe4 5. Nxe4 Nbd7 6. Ne2 b6 7. O-O Bb7 8.
f3 Be7 9. c4 O-O 10. Qc2 Bxe4 11. fxe4 e5 12. Kh1 exd4 13. Nxd4 Ne5 14. Nf5
Nxd3 15. Nxe7+ Qxe7 16. Qxd3 Rad8 17. Qf3 Qxe4 18. Bg5 Qxf3 19. Rxf3 Rd6 20.
Bxf6 Rxf6 21. Rxf6 gxf6 22. Kg1 Rd8 23. Rf1 Kg7 24. Rf2 Rd4 25. Rc2 c5 26. Kf2
Kg6 27. b3 f5 28. Ke2 Kf6 29. Rc3 Rg4 30. Kf2 Ke5 31. Rh3 Rg7 32. Rd3 f6 33.
Kf3 h5 34. Rd5+ Ke6 35. g3 Rg4 36. Rd8 Rg7 37. Rh8 Rd7 38. Ke2 f4 39. gxf4 Kf5
40. Ke3 Kg6 41. h4 Rd1 42. Ra8 Re1+ 43. Kf3 Kf5 44. Rxa7 Rf1+ 45. Kg3 Rg1+ 46.
Kf2 Rg4 47. Rb7 Rxh4 48. Rxb6 Rxf4+ 49. Ke3 Rg4 50. Kf3 Rf4+ 51. Ke3 Rh4 52.
Rc6 Rh3+ 53. Kf2 h4 54. Kg2 Rd3 55. Rxc5+ Kg4 56. Rd5 Rg3+ 57. Kh2 f5 58. Rd4+
f4 59. c5 Rh3+ 60. Kg2 Re3 61. Rd2 Rg3+ 62. Kh2 Rh3+ 63. Kg1 Rc3 64. Rg2+ Kf3
65. Rf2+ Ke3 66. b4 h3 67. Rb2 f3 68. Kh2 f2 69. Rb1 {Time} 1-0

[Event "SR 3. liga A2 2009/2010"]
[Site "?"]
[Date "2009.12.13"]
[Round "5.5"]
[White "Holicky, Miroslav"]
[Black "Csefalvay, Stefan"]
[Result "1/2-1/2"]
[WhiteElo "1801"]
[BlackElo "1908"]
[PlyCount "84"]
[EventDate "2009.??.??"]

1. e4 c5 2. c4 Nc6 3. Nc3 e6 4. g3 g6 5. Bg2 Bg7 6. d3 Nge7 7. Nge2 O-O 8. O-O
b6 9. Be3 Qc7 10. Nb5 Qb8 11. Rb1 a6 12. Nbc3 Nd4 13. b4 Qc7 14. bxc5 bxc5 15.
e5 Rb8 16. Rxb8 Qxb8 17. f4 Nef5 18. Qd2 Bb7 19. Ne4 Bxe4 20. Bxe4 Nxe3 21.
Qxe3 Qb6 22. Nxd4 cxd4 23. Qd2 Rb8 24. Rc1 Bf8 25. Rc2 Bb4 26. Qe2 Bc3 27. g4
d6 28. exd6 Qxd6 29. Qf3 Rb1+ 30. Kg2 Re1 31. f5 exf5 32. gxf5 Rb1 33. fxg6
hxg6 34. Rf2 f5 35. Bd5+ Kg7 36. h4 Re1 37. Re2 Rxe2+ 38. Qxe2 Bb4 39. Qe8 Qf8
40. Qe5+ Qf6 41. Qc7+ Qe7 42. Qxe7+ Bxe7 1/2-1/2

[Event "SR 3. liga A2 2009/2010"]
[Site "?"]
[Date "2009.12.13"]
[Round "5.6"]
[White "Vizvari, Ludovit"]
[Black "Mackovic, Matus"]
[Result "1-0"]
[WhiteElo "2015"]
[BlackElo "1759"]
[PlyCount "45"]
[EventDate "2009.??.??"]

1. d4 Nf6 2. c4 g6 3. Nc3 Bg7 4. Nf3 O-O 5. e4 d6 6. Bd3 Nc6 7. O-O e5 8. d5
Ne7 9. Bg5 Ne8 10. Qd2 f5 11. Ne1 f4 12. f3 h6 13. Bh4 g5 14. Bf2 Nf6 15. Rc1
Ng6 16. c5 g4 17. cxd6 cxd6 18. Nb5 a6 19. Nc7 Rb8 20. Ba7 Bd7 21. Bxb8 Qxb8
22. Qb4 Ne8 23. Qb6 1-0

[Event "SR 3. liga A2 2009/2010"]
[Site "?"]
[Date "2009.12.13"]
[Round "5.7"]
[White "Kolenak, Matus"]
[Black "Vegh, Vince"]
[Result "1/2-1/2"]
[WhiteElo "1660"]
[BlackElo "1920"]
[PlyCount "91"]
[EventDate "2009.??.??"]

1. e4 c5 2. Nf3 Nc6 3. d4 cxd4 4. Nxd4 e5 5. Nb5 d6 6. N1c3 a6 7. Na3 b5 8. Nd5
Nf6 9. Bg5 Be7 10. Nxe7 Qxe7 11. c3 Be6 12. Qf3 h6 13. Bxf6 Qxf6 14. Qxf6 gxf6
15. c4 b4 16. Nc2 Ke7 17. Bd3 Rhg8 18. O-O a5 19. f4 exf4 20. b3 a4 21. Rab1
axb3 22. axb3 Ra2 23. Ra1 Rb2 24. Rab1 Rxb1 25. Rxb1 Ne5 26. Bf1 Nf3+ 27. Kh1
Nd2 28. Re1 f3 29. Nxb4 Nxf1 30. gxf3 Nd2 31. Nd5+ Kd8 32. Ra1 Nxf3 33. Ra8+
Bc8 34. Rxc8+ Kxc8 35. Ne7+ Kd7 36. Nxg8 Ke6 37. Nxh6 Nd2 38. Nf5 Nxb3 39. Kg2
Nd2 40. Ng3 Nxc4 41. Kf3 Ne5+ 42. Kf4 Ng6+ 43. Kg4 Ke5 44. h4 d5 45. exd5 Kxd5
46. Kf5 1/2-1/2

[Event "SR 3. liga A2 2009/2010"]
[Site "?"]
[Date "2009.12.13"]
[Round "5.8"]
[White "Szabo, Julius"]
[Black "Puskar, Peter"]
[Result "1/2-1/2"]
[WhiteElo "1721"]
[BlackElo "1660"]
[PlyCount "46"]
[EventDate "2009.??.??"]

1. e4 c5 2. Nf3 d6 3. d4 cxd4 4. Nxd4 Nf6 5. Nc3 a6 6. Bc4 e6 7. Bb3 b5 8. a3
Bb7 9. Qe2 Nbd7 10. O-O Be7 11. Bxe6 fxe6 12. Nxe6 Qc8 13. Nxg7+ Kf7 14. Nf5 h5
15. f3 Qf8 16. Bf4 Ne5 17. Rad1 Rd8 18. Qd2 Bc8 19. Nxe7 Qxe7 20. b3 Bb7 21.
Qd4 Rhg8 22. h4 Nc6 23. Qd2 Ne5 $11 1/2-1/2

[Event "SR 3. liga A2 2009/2010"]
[Site "?"]
[Date "2009.12.13"]
[Round "5.1"]
[White "Pribila, Gerhard"]
[Black "Sebesta, Radovan"]
[Result "1/2-1/2"]
[WhiteElo "2030"]
[BlackElo "2086"]
[PlyCount "31"]
[EventDate "2009.??.??"]

1. e4 c5 2. c3 Nf6 3. e5 Nd5 4. Bc4 Nb6 5. Bb3 d5 6. exd6 Qxd6 7. Nf3 e6 8. O-O
Be7 9. d4 cxd4 10. Qxd4 Qxd4 11. Nxd4 Bd7 12. Bf4 Nc6 13. Nxc6 Bxc6 14. Nd2 O-O
15. Rfe1 Rfd8 16. Nc4 $11 1/2-1/2

[Event "SR 3. liga A2 2009/2010"]
[Site "?"]
[Date "2009.12.13"]
[Round "5.2"]
[White "Skapikova, Lubica"]
[Black "Pribila, Michal"]
[Result "0-1"]
[WhiteElo "1940"]
[BlackElo "2078"]
[PlyCount "65"]
[EventDate "2009.??.??"]

1. e4 c5 2. Nf3 d6 3. d4 cxd4 4. Nxd4 Nf6 5. Nc3 Nc6 6. Bc4 Qb6 7. Nb3 e6 8.
Qe2 a6 9. f4 Qc7 10. a4 Be7 11. g4 Nb4 12. g5 Nd7 13. Bd3 h6 14. g6 Bh4+ 15.
Kf1 Nf6 16. e5 dxe5 17. fxe5 Nxd3 18. cxd3 Nd5 19. Qh5 fxg6 20. Qxh4 O-O+ 21.
Kg2 Nxc3 22. bxc3 Qxc3 23. Ba3 Qc2+ 24. Kg1 g5 25. Qg3 Rf4 26. Nc5 b6 27. Rc1
Qa2 28. Nxe6 Bxe6 29. Bd6 Rg4 30. Qxg4 Bxg4 31. h3 Qd2 32. Rc4 Qe3+ 33. Kh2 0-1

[Event "SR 3. liga A2 2009/2010"]
[Site "?"]
[Date "2009.12.13"]
[Round "5.3"]
[White "Kocak, Branislav"]
[Black "Palka, Martin"]
[Result "1/2-1/2"]
[WhiteElo "1934"]
[BlackElo "1889"]
[PlyCount "46"]
[EventDate "2009.??.??"]

1. d4 d5 2. c4 c6 3. Nc3 Nf6 4. Nf3 e6 5. Bg5 Nbd7 6. e3 h6 7. Bxf6 Qxf6 8. Bd3
g6 9. O-O Bg7 10. e4 dxe4 11. Nxe4 Qe7 12. Re1 O-O 13. Rc1 Nf6 14. Qe2 Rd8 15.
Rcd1 Qc7 16. Nxf6+ Bxf6 17. Bb1 Bd7 18. Ne5 Be8 19. g3 c5 20. d5 exd5 21. cxd5
Bxe5 22. Qxe5 Qxe5 23. Rxe5 Rd6 1/2-1/2